Química Cuántica v.1

Bibliographic Details
Main Author: Fernández Núñez, Manuel
Format: Section = Libro
Language:Undetermined
Spanish
Published: Madrid, España Universidad Nacional de Educación a Distancia (UNED) 1991
Subjects:
LEADER 00572nam a2200205Ia 4500
008 240829s9999 xx 000 0 und d
020 |a 84-362-5401-9 
040 |a BIBLIOTECA-RUSB/ 541.28 F363 
041 |a spa 
082 |a 541.28 F363 
100 1 |a Fernández Núñez, Manuel 
245 1 0 |a Química Cuántica v.1 
260 |a Madrid, España  |b Universidad Nacional de Educación a Distancia (UNED)  |c 1991 
300 |a 181 p. :il. 
650 7 |a QUIMICA CUANTICA 
650 7 |b  POLIMEROS 
650 7 |c  CALCULO-QUIMICA 
942 |c BK  |2 ddc 
991 |a TEXTO 
999 |c 2354